| 000 | 00793nam a2200253 a 4500 | ||
|---|---|---|---|
| 008 | |||
| 020 | _a070045496 (hbk) | ||
| 049 | _aMAIN | ||
| 090 |
_aTA340 _bBEN |
||
| 100 | _aBenjamin, Jack R | ||
| 245 | 1 | 0 |
_aProbability, statistics, and decision for civil engineers / _cJack R. Benjamin, C. Allin Cornell. |
| 260 |
_aNew York : _bMcGraw-Hill, _c1970. |
||
| 300 |
_axiv, 684 p. : _bill. ; _c23 cm. |
||
| 504 | _aIncludes bibliographical references. | ||
| 650 | 0 | _aProbabilities. | |
| 650 | 0 | _aMathematical statistics. | |
| 650 | 0 | _aBayesian statistical decision theory. | |
| 700 | 1 | _aCornell, Carl Allin. | |
| 907 |
_a.b10090605 _b21-02-14 _c13-10-03 |
||
| 003 | |||
| 005 | 20230123133438.0 | ||
| 040 | _cNUST | ||
| 942 |
_cBOOKS _kTA340 _mBEN |
||
| 999 |
_c148715 _d148715 |
||